| 000 | 00452nam a2200193Ia 4500 | ||
|---|---|---|---|
| 005 | 20240823033731.0 | ||
| 008 | 240823s9999||||xx |||||||||||||| ||und|| | ||
| 020 | _a978-81-8465-995-5 | ||
| 041 | _aENGLISH | ||
| 082 | _A001 Q1 | ||
| 100 | _aSubraminiam Rangaswami | ||
| 245 | 0 | _aE-Sclepieion Healing the robot way | |
| 250 | _a1st | ||
| 260 |
_c2011 _b#VALUE! |
||
| 500 | _aYES | ||
| 650 |
_aGeneral _bGeneral |
||
| 942 | _cBK | ||
| 999 |
_c196525 _d196525 |
||